Central Library OPAC University of Rajshahi

"T.E. Lawrence" in Arabia and after / (Record no. 25184)

MARC details
000 -LEADER
fixed length control field 00743nam a2200229 a 4500
001 - CONTROL NUMBER
control field 25184
003 - CONTROL NUMBER IDENTIFIER
rucl marc code BD-RjUL
005 - DATE AND TIME OF LATEST TRANSACTION
control field 20211209050838.0
008 - FIXED-LENGTH DATA ELEMENTS--GENERAL INFORMATION
fixed length control field 140316s1934 enkacb 001 0beng d
035 ## - SYSTEM CONTROL NUMBER
System control number (BD-RjUL)25253
040 ## - CATALOGING SOURCE
Original cataloging agency LC
Language of cataloging eng
Transcribing agency LC
Modifying agency BD-RjUL
041 ## - LANGUAGE CODE
Language code of text/sound track or separate title eng
082 04 - DEWEY DECIMAL CLASSIFICATION NUMBER
Classification number 915.67
Author mark and year LIT 1934
100 1# - MAIN ENTRY--PERSONAL NAME
Personal name Liddell Hart, Basil Henry,
Dates associated with a name 1895-1970.
9 (RLIN) 68028
245 10 - TITLE STATEMENT
Title "T.E. Lawrence" in Arabia and after /
Statement of responsibility, etc. by Liddell Hart.
260 ## - PUBLICATION, DISTRIBUTION, ETC. (IMPRINT)
Place of publication, distribution, etc. London :
Name of publisher, distributor, etc. Cape,
Date of publication, distribution, etc. 1934.
300 ## - PHYSICAL DESCRIPTION
Pagination 454 p., [17] leaves of plates :
Illustrations ill., frontis., ports., maps ;
Size 23 cm.
500 ## - GENERAL NOTE
General note Some of the maps are on folded leaves.
504 ## - BIBLIOGRAPHY, ETC. NOTE
Bibliography, etc Includes index.
600 10 - SUBJECT ADDED ENTRY--PERSONAL NAME
Personal name Lawrence, T. E.
Fuller form of name (Thomas Edward),
Dates associated with a name 1888-1935.
942 ## - ADDED ENTRY ELEMENTS (KOHA)
Source of classification or shelving scheme Dewey Decimal Classification
Koha item type Books
Holdings
Lost status Source of classification or shelving scheme Damaged status Not for loan Collection code Permanent Location Current Location Shelving location Date acquired Source of acquisition Cost, normal purchase price Total Checkouts Full call number Date last seen Copy number Koha item type
  Dewey Decimal Classification   Added to bundle Non-fiction Central Library, University of Rajshahi Central Library, University of Rajshahi Reading Room 22/09/1966 A. I. Quraishi 16.75   915.67 LIT 1934 16/03/2014 C-1 Books